Personnages historiques en images commençant par un W. - Statistiques

Statistiques générales
  • Ce quiz a été pris 728 fois
  • Le résultat moyen est 5 sur 10
Statistiques - réponses
Par images Hint Réponse % Correct
Président américain Georges Washington
95%
Peintre américain Andy Warhol
80%
Musicien allemand Richard Wagner
70%
Président américain Woodrow Wilson
55%
Ingénieur écossais James Watt
54%
Écrivain irlandais Oscar Wilde
47%
Général anglais Arthur Wellesley de Wellington
37%
Syndicaliste polonais Lech Wałęsa
37%
Chevalier écossais William Wallace
35%
Inventeur du Rugby William Webb Ellis
13%
Aucun quiz correspondant
Distribution des résultats
% des personnes avec chaque résultat
Percentile par nombre de réponses
Votre historique - résultats
Vous n’avez pas pris ce quiz